000 00806nam a22002777a 4500
003 CHAP
005 20220329134846.0
008 971013s1979 r 00010 d
010 _a27030
011 _a28002
035 _a32103
040 _cCHAP
082 _a580
_bL3
100 0 0 _aLaetsch, Watson M.
_964376
245 _aPlants
_b: basic concepts in botany
260 _aBoston :
_bLittle Brown,
_c1979
300 _a510 p.
_b: ilus.
590 _aBATCH-UPD
_b10
_c20130110
_lUCH01
_h1819
590 _aBATCH-UPD
_b10
_c20130410
_lUCH01
_h1153
590 _aBATCH-UPD
_b10
_c20130914
_lUCH01
_h0730
590 _aCONVERSION
_b10
_c20130109
_lUCH01
_h1316
650 1 4 _aBotánica.
_914477
901 _aBK
942 _cLIBRO
949 _a580 L3
_bBC
_cLIBRO
_d33724000501557
_eLIBRO
_h53940
_i32103
_si
_t593.00
999 _c27030
_d27030